1298 1973 1557 1797 1612 1856 1621 1889 1882 1496 1276 1926 1773 1771 1795 1348 1467 1417 1437 1217 1093 1017 1774 1083 1775 1762 1039 1685 1678 1987 1487 1566 1654 1980 1196 1140 1269 1002 1063 1699 1666 1890 1147 1519 1031 1298 1839 1473 1847 1583 1649 1331 1881 1962 1420 1783 1121 1793 1246 1094 1816 1796 1257 1146 1721 1147 1453 1287 1813 1278 1910 1319 1733 1299 1423 1257 1787 1893 1322 1148 1769 1411 1774 1555 1947 1820 1894 1888 1251 1606 1580 1912 1917 1411 1843 1281 1855 1833 1391 BCNSPRNW ULIB Ver.6.0+V

เปลี่ยนเป็นภาษาไทย

Change to English
 แสดงรายละเอียดบรรณานุกรม
  กลับหน้าหลัก

Brief Record : Get Marc (ISO 2709) : E-mail record : QR code < ปิดหน้าต่าง
LEADER : 00000nam 2200000uu 4500
001    13399113582
003     ULIB
008    111201s2553||||th 000 0 tha d
020    ^a9786165000482
090    ^aนว.^bณ429ญ 2553
100 0  ^aณารา
245 00 ^aญาณสื่อรัก/^cณารา
250    ^aพิมพ์ครั้งที่ 2
260    ^aกรุงเทพฯ :^bพิมพ์คำ,^c2553
300    ^a435 หน้า
710 1  ^aพิมพ์คำ
945    ^p270^l0^i16993
995    ^aกัณชพร
999    ^aใช้งานได้ทุกระบบ
รายการนี้ยังไม่มีแท็ก
คุณยังไม่ได้ล็อกอิน คุณสามารถมีกิจกรรมร่วมกับเว็บไซต์ได้ แต่ต้องล็อกอินก่อน ::
  ล็อกอิน

รายการสื่อสารสนเทศ

ลำดับที่ ประเภท เลขเรียก/บาร์โค้ด สถานที่ สถานะ
1. วิทยาศาสตร์การแพทย์ และสุขภาพ
วิทยาศาสตร์การแพทย์ และสุขภาพ
นว. ณ429ญ 2553  
  Barcode: 16993
ห้องสมุดวิทยาเขตสวรรค์ประชารักษ์
►นวนิยาย
บนชั้น
  ขอยืม

รายการใกล้เคียง
    ผู้แต่ง [ณารา]

BibComment


ยังไม่เคยถูกคอมเมนท์

คอมเมนท์ทรัพยากรรายการนี้
  คอมเมนท์: ญาณสื่อรัก ณารา


 Copyright 2026. Bcnsprnw @Library